[Event "EY Boys U18 2012"]
[Site "Prague CZE"]
[Date "2012.08.24"]
[Round "8.9"]
[White "Sadzikowski,D"]
[Black "Straka,Joz2"]
[Result "1-0"]
[WhiteElo "2444"]
[BlackElo "2360"]

1.d4 d5 2.c4 c6 3.Nc3 Nf6 4.e3 e6 5.Nf3 Nbd7 6.Qc2 Bd6 7.Bd3 O-O 8.O-O dxc4
9.Bxc4 b5 10.Be2 Bb7 11.e4 e5 12.dxe5 Nxe5 13.Nh4 Bc8 14.Nf5 Bxf5 15.exf5 b4
16.Ne4 Nxe4 17.Qxe4 Re8 18.Be3 Qc7 19.Qc2 c5 20.Rac1 c4 21.Rfe1 Rac8 22.Qa4 Bc5
23.Bxc5 Qxc5 24.Bxc4 Kf8 25.Qb5 Qd6 26.Bf1 Rxc1 27.Rxc1 Ng4 28.Qc5 Qxc5 29.Rxc5 Re1
30.h3 Nh2 31.Kxh2 Rxf1 32.b3 Rxf2 33.Ra5 Ke7 34.Kg3 Rf1 35.Kg4 Rf2 36.g3 g6
37.Rxa7+ Kf6 38.Ra6+ Ke5 39.fxg6 hxg6 40.h4 f6 41.Kh3 Rd2 42.Kg4 Rf2 43.Ra5+ Ke6
44.Ra4 Ke5 45.Rxb4 Rxa2 46.Rb5+ Ke6 47.Kf4 Rf2+ 48.Ke4 Re2+ 49.Kf3 Rb2 50.g4 Rb1
51.g5 fxg5 52.hxg5 Rg1 53.Ke4 Rg4+ 54.Kd3 Rh4 55.Kc3 Rg4 56.Kb2 Rg2+ 57.Ka3 Rg4
58.Rc5 Kd6 59.b4 Rg1 60.Ka4 Ke6 61.Ka5 Rb1 62.b5 Ra1+ 63.Kb6 Rd1 64.Kb7 Rd7+
65.Ka6 Rd1 66.b6 Kd6 67.Rc8 Ra1+ 68.Kb7 Ke6 69.Rc6+ Kf5 70.Rc5+  1-0

[Event "EY Girls U18 2012"]
[Site "Prague CZE"]
[Date "2012.08.24"]
[Round "8.17"]
[White "Corotcova,A"]
[Black "Skrabakova,Katarina"]
[Result "0-1"]
[WhiteElo "1655"]
[BlackElo "1989"]

1.d4 Nf6 2.c4 e6 3.Nf3 d5 4.Nc3 c6 5.e3 Nbd7 6.Bd3 dxc4 7.Bxc4 b5 8.Bd3 a6
9.e4 c5 10.O-O cxd4 11.Nxd4 Ne5 12.Bc2 Bc5 13.Nb3 Qxd1 14.Rxd1 Bb6 15.h3 Bb7
16.a3 Rc8 17.Nd4 O-O 18.Nde2 Rfd8 19.Rxd8+ Rxd8 20.b3 Nd3 21.Be3 Bxe3 22.fxe3 Ne5
23.Rc1 Kf8 24.Kf1 Ke8 25.Ke1 Nd3+ 26.Bxd3 Rxd3 27.Nf4 Rxe3+ 28.Kf2 Rxc3 29.Rxc3 Nxe4+  0-1

[Event "11th Lichtenberger Sommer 2012"]
[Site "Berlin GER"]
[Date "2012.08.25"]
[Round "8.56"]
[White "Radjenovic,B"]
[Black "Schmidt,Juerg"]
[Result "0-1"]
[WhiteElo "1845"]
[BlackElo "2055"]

1.d4 d5 2.Nf3 Nf6 3.c4 c6 4.e3 e6 5.Nc3 Nbd7 6.Bd3 dxc4 7.Bxc4 b5 8.Bd3 Bb7
9.O-O a6 10.Qe2 c5 11.e4 cxd4 12.Nxd4 b4 13.Na4 Ne5 14.Rd1 Nxd3 15.Rxd3 Bxe4
16.Rd1 Qa5 17.b3 Be7 18.Be3 O-O 19.Rac1 Rac8 20.Rc4 Rxc4 21.Qxc4 Ng4 22.Bd2 Qh5
23.f3 Qxh2+  0-1

[Event "ZMDI Open A 2012"]
[Site "Dresden GER"]
[Date "2012.08.25"]
[Round "8"]
[White "Strunski,A"]
[Black "Pogan,N"]
[Result "1/2-1/2"]
[WhiteElo "2366"]
[BlackElo "2205"]

1.d4 d5 2.c4 c6 3.Nc3 Nf6 4.e3 e6 5.Nf3 Nbd7 6.Bd3 dxc4 7.Bxc4 b5 8.Bd3 a6
9.e4 Bb7 10.O-O Qc7 11.a4 b4 12.Ne2 c5 13.Bf4 Qb6 14.a5 Qd8 15.d5 exd5 16.exd5 Nxd5
17.Qa4 Nxf4 18.Nxf4 Bd6 19.Rfe1+ Kf8 20.Bf5 Bxf3 21.Bxd7 Qg5 22.Bc6 Bxc6
23.Qxc6 Rd8 24.Nd5 g6 25.Nb6 Kg7 26.g3 Qf6 27.Nd7 Qf5 28.Qxd6 Rxd7 29.Qxa6 Rd2
30.Re2 Rhd8 31.Qc4 R8d4  1/2-1/2

[Event "12th World Uni Men"]
[Site "Guimaraes POR"]
[Date "2012.08.25"]
[Round "9.7"]
[White "Rojas Alarcon,J"]
[Black "Erikson,R"]
[Result "1/2-1/2"]
[WhiteElo "2344"]
[BlackElo "2141"]

1.d4 d5 2.c4 c6 3.Nf3 Nf6 4.e3 e6 5.Nc3 Nbd7 6.Qc2 a6 7.b3 Bb4 8.Bd3 Ne4
9.Bxe4 dxe4 10.Nd2 f5 11.O-O O-O 12.f3 Qg5 13.Nd1 Nf6 14.fxe4 Bxd2 15.Bxd2 Nxe4
16.Nf2 Nxf2 17.Rxf2 Qe7 18.Bc3 Bd7 19.Qd2 b6 20.e4 fxe4 21.Re2 Rf5 22.Rxe4 Raf8
23.Re5 Qf6 24.Rxf5 Qxf5 25.Re1 h6 26.h3 Qf4 27.Qxf4 Rxf4 28.a4 Kf7 29.a5 b5
30.Rc1 bxc4 31.bxc4 c5 32.Rd1 cxd4 33.Bxd4 Bc6 34.Rd2 e5 35.Bxe5 Rxc4 36.Rf2+ Kg8
37.Bd6 Rd4 38.Bc5 Rd7 39.Rf8+ Kh7 40.Rc8 Bb7  1/2-1/2

[Event "e2e4 Hinckley Open 2012"]
[Site "Hinckley ENG"]
[Date "2012.08.25"]
[Round "3.7"]
[White "Shaw,P"]
[Black "Milson,Samuel A"]
[Result "1-0"]
[WhiteElo "2168"]
[BlackElo "2002"]

1.d4 d5 2.c4 c6 3.Nf3 Nf6 4.e3 e6 5.Nc3 Bd6 6.Qc2 Nbd7 7.b3 a6 8.Bd3 O-O
9.O-O Re8 10.Bb2 Rb8 11.Rfd1 b5 12.e4 dxe4 13.Nxe4 Qc7 14.Nxd6 Qxd6 15.Ne5 Nf8
16.Be2 Ng6 17.Bf3 Bb7 18.Nxg6 hxg6 19.Rd2 Red8 20.Rad1 Qf8 21.Qc1 b4 22.Rd3 Rd7
23.Qg5 Rbd8 24.Be2 Ne4 25.Qh4 c5 26.Rh3 f5 27.Qh7+ Kf7 28.Rh6 Nf6 29.Qxg6+ Kg8
30.d5 e5 31.Bxe5 Ne8 32.Qh7+ Kf7 33.Bh5+  1-0

[Event "2nd Isthmia Open A"]
[Site "Korinthia GRE"]
[Date "2012.08.25"]
[Round "9.6"]
[White "Miljkovic,Mir1"]
[Black "Sethuraman,S"]
[Result "1/2-1/2"]
[WhiteElo "2449"]
[BlackElo "2546"]

1.d4 d5 2.c4 e6 3.Nc3 c6 4.e3 Nf6 5.Nf3 Nbd7 6.Qc2 Bd6 7.Bd3 dxc4 8.Bxc4 b5
9.Bd3 Bb7 10.O-O b4 11.Na4 c5 12.dxc5 Rc8 13.Qe2 Bxc5 14.b3 O-O 15.Bb2 Qe7
16.Ba6 Bxa6 17.Qxa6 Nd5 18.Rfd1 Rfd8 19.Nd4 Bb6 20.Rac1 Qe8 21.Qe2 N7f6 22.Nb5 Ne4
23.Qg4 Ndf6 24.Bxf6 Nxf6 25.Qe2 Rd5 26.Nxb6 axb6 27.Rxc8 Qxc8 28.h3 h6 29.a3 Rxd1+
30.Qxd1 Qc5 31.Qd8+ Kh7 32.Qd3+ g6 33.axb4 Qxb4 34.Qc3  1/2-1/2

[Event "24th Schlosspark Open"]
[Site "Wiesbaden GER"]
[Date "2012.08.25"]
[Round "4.54"]
[White "Froehlich Dill,A"]
[Black "Stecken,Olaf"]
[Result "1-0"]
[WhiteElo "1931"]
[BlackElo "1741"]

1.d4 d5 2.c4 c6 3.Nf3 Nf6 4.e3 e6 5.Nc3 Nbd7 6.Bd3 dxc4 7.Bxc4 b5 8.Bd3 Bb7
9.O-O Be7 10.Bd2 O-O 11.Rc1 Rc8 12.Qe2 b4 13.Na4 Qa5 14.b3 Qd8 15.Rfd1 a5
16.Ng5 c5 17.Nxc5 Nxc5 18.dxc5 Bxc5 19.Nxh7 Nxh7 20.Bxh7+ Kxh7 21.Qh5+ Kg8
22.Rxc5 Rxc5 23.Qxc5 Qd5 24.Qxd5 Bxd5 25.Rc1 Rd8 26.Be1 Kf8 27.f3 f5 28.Rc5 Ra8
29.Rxa5  1-0

[Event "24th Schlosspark Open"]
[Site "Wiesbaden GER"]
[Date "2012.08.25"]
[Round "4.43"]
[White "Wagner,Dirk"]
[Black "Gebben,Alwin"]
[Result "1-0"]
[WhiteElo "2042"]
[BlackElo "1902"]

1.d4 d5 2.c4 c6 3.Nf3 Nf6 4.Nc3 e6 5.e3 Nbd7 6.Bd3 dxc4 7.Bxc4 b5 8.Bd3 b4
9.Ne2 Be7 10.O-O Bb7 11.Ng3 O-O 12.Qe2 c5 13.Rd1 cxd4 14.Nxd4 Qb6 15.Bd2 Nc5
16.Bc4 Nfe4 17.Nxe4 Nxe4 18.Be1 Rac8 19.f3 Nf6 20.Bf2 Qa5 21.Nb3 Qg5 22.Rac1 Rfd8
23.Ba6 Rxc1 24.Rxc1 Qd5 25.Bxb7 Qxb7 26.Na5 Qd5 27.Nc6 Re8 28.Nxe7+ Rxe7
29.b3 Rd7 30.e4 Qa8 31.Qc4 a5 32.Bb6 h6 33.Qc8+ Qxc8 34.Rxc8+ Kh7 35.Rc2 a4
36.bxa4 Rd3 37.a5 b3 38.axb3 Rxb3 39.Ra2 Nd7 40.Bc7 Rc3 41.Bd6 Rc6 42.Bg3 Ra6
43.Be1 Kg8 44.Kf1 Kf8 45.Ke2 Ke7 46.Bb4+ Kd8 47.Kd3 Kc7 48.Rc2+ Kb7 49.f4 h5
50.e5 Nb8 51.Bd2 Nc6 52.Ra2 Nb8 53.Be3 Nc6 54.Rb2+ Kc7 55.Bb6+ Kd7 56.Kc4 Nxa5+
57.Kc5 Nb7+ 58.Kb5 Ra1 59.Rc2 Nd6+ 60.exd6 Kxd6 61.Rd2+ Ke7 62.Bc5+ Ke8 63.Kc6 Rc1
64.Kd6 Rc3 65.Bd4 Rc1 66.Rb2 Rc8 67.Bxg7 Rd8+ 68.Ke5 Rd5+ 69.Ke4 f5+ 70.Ke3 Kf7
71.Rb7+ Kg6 72.Be5 Ra5 73.Re7 Ra6 74.Rd7 Ra4 75.Rd3 h4 76.h3 Re4+ 77.Kf3 Ra4
78.Bc3 Re4 79.Re3 Rc4 80.Rxe6+ Kh5 81.Bg7 Rc3+ 82.Re3 Rc7 83.Be5 Rc1 84.Re2 Rb1
85.Bd4 Rb3+ 86.Be3 Ra3 87.Rb2 Ra1 88.Rb8 Rf1+ 89.Bf2 Ra1 90.Rh8+ Kg6 91.Rg8+ Kh7
92.Rg5 Ra3+ 93.Ke2 Ra2+ 94.Kf1 Ra1+ 95.Be1  1-0

[Event "11th Lichtenberger Sommer 2012"]
[Site "Berlin GER"]
[Date "2012.08.26"]
[Round "9.9"]
[White "Major,Vitalij"]
[Black "Bruchmann,S"]
[Result "1/2-1/2"]
[WhiteElo "2147"]
[BlackElo "2315"]

1.c4 c6 2.Nc3 d5 3.d4 Nf6 4.e3 e6 5.Nf3 Nbd7 6.Qc2 Bd6 7.cxd5 exd5 8.Bd3 O-O
9.O-O Re8 10.Re1 Nf8 11.h3 h6 12.Bd2 Be6 13.a3 Bd7 14.e4 dxe4 15.Nxe4 Nxe4
16.Bxe4  1/2-1/2

[Event "21st Feffernitz Open"]
[Site "Feffernitz AUT"]
[Date "2012.08.26"]
[Round "9.10"]
[White "Kock,HU"]
[Black "Imperor,L"]
[Result "1/2-1/2"]
[WhiteElo "2035"]
[BlackElo "1743"]

1.d4 d5 2.Nf3 Nf6 3.c4 c6 4.Nc3 e6 5.e3 Nbd7 6.Bd3 dxc4 7.Bxc4 b5 8.Bd3 a6
9.O-O Be7 10.Qe2 O-O 11.Rd1 Qc7 12.e4 e5 13.Bg5 exd4 14.Nxd4 Bd6 15.Nf3 Re8
16.Qc2 Bb7 17.Rac1 Rac8 18.h3 h6 19.Be3 Nh5 20.Qd2 Ne5 21.Nxe5 Bxe5 22.Qe2 Nf4
23.Bxf4 Bxf4 24.Rd2 c5 25.Qg4 Rcd8 26.g3 Be5 27.Nd5 Qc8 28.Be2 Qxg4 29.Bxg4 Bd4
30.Bf5 Bxd5 31.exd5 Rxd5 32.Bg4 Red8 33.Kf1 Bf6 34.Rxd5 Rxd5 35.b3 Bd4 36.Be2 Rf5
37.f3 Kf8 38.Kg2 Rf6 39.Bd3 Ke7 40.Re1+ Kd7 41.g4 Kc7 42.a3 Kd7  1/2-1/2

[Event "21st Feffernitz Open"]
[Site "Feffernitz AUT"]
[Date "2012.08.26"]
[Round "9.9"]
[White "Kesik,KD"]
[Black "Pregl,W"]
[Result "0-1"]
[WhiteElo "2243"]
[BlackElo "2053"]

1.d4 d5 2.Nf3 c6 3.e3 Nf6 4.c4 e6 5.Nc3 Be7 6.Qc2 O-O 7.Bd2 Re8 8.Ne5 c5
9.cxd5 exd5 10.Be2 Bd6 11.Nf3 a6 12.dxc5 Bxc5 13.O-O Nc6 14.Rfd1 Qe7 15.Na4 Ba7
16.Bc3 Ne4 17.Bd4 Nxd4 18.Nxd4 Nxf2  0-1

[Event "Havirov Open 2012"]
[Site "Havirov CZE"]
[Date "2012.08.27"]
[Round "3.2"]
[White "Kolar,St"]
[Black "Olsar,J"]
[Result "0-1"]
[WhiteElo "2158"]
[BlackElo "2220"]

1.d4 Nf6 2.Nf3 d5 3.c4 c6 4.e3 e6 5.Nc3 Nbd7 6.Bd3 Bd6 7.O-O dxc4 8.Bxc4 b5
9.Bd3 a6 10.Bd2 Bb7 11.Rc1 c5 12.Re1 O-O 13.h3 Qb6 14.b3 Rfd8 15.Ne2 e5 16.Bf5 cxd4
17.exd4 Bxf3 18.gxf3 exd4 19.f4 g6 20.Bxd7 Rxd7 21.Qc2 Ba3 22.Qc6 Qd8 23.Rcd1 Rd6
24.Qf3 Rc8 25.b4 d3 26.Ng3 Rc4 27.Ne4 Nxe4 28.Rxe4 Qa8 29.Rde1 Re6 30.Qxd3 Rcxe4
31.Rxe4 Qxe4 32.Qxa3 Rd6 33.Qc3 Qd3 34.Qc5 Qxd2  0-1

[Event "e2e4 Hinckley Open 2012"]
[Site "Hinckley ENG"]
[Date "2012.08.27"]
[Round "6.10"]
[White "Truman,R"]
[Black "Bennett,Dominic L"]
[Result "1/2-1/2"]
[WhiteElo "1959"]
[BlackElo "2037"]

1.d4 Nf6 2.c4 c6 3.Nf3 d5 4.Nc3 e6 5.e3 Nbd7 6.Bd3 dxc4 7.Bxc4 b5 8.Bd3 Bb7
9.O-O a6 10.e4 b4 11.e5 bxc3 12.exf6 Nxf6 13.bxc3 Bd6 14.Qe2 h6 15.c4 a5
16.Bb2 O-O 17.Rab1 Ba6 18.Ne5 Qc7 19.Rfe1 Rad8 20.Qf3 Bb7  1/2-1/2

[Event "e2e4 Hinckley Open 2012"]
[Site "Hinckley ENG"]
[Date "2012.08.27"]
[Round "7.20"]
[White "Stepanyan,Henrik"]
[Black "Hughes,Ro"]
[Result "1-0"]
[WhiteElo "2022"]
[BlackElo "1982"]

1.c4 Nf6 2.Nc3 e6 3.Nf3 d5 4.e3 c6 5.d4 Bd6 6.Bd3 Nbd7 7.e4 dxe4 8.Nxe4 Nxe4
9.Bxe4 Nf6 10.Bc2 Bb4+ 11.Bd2 Qa5 12.O-O Bxd2 13.Nxd2 Qb6 14.Nb3 a5 15.Rb1 Qc7
16.Qd3 b6 17.Nd2 Bb7 18.Ne4 Nxe4 19.Qxe4 a4 20.a3 g6 21.Rfe1 b5 22.c5 Rd8
23.Rbd1 Rd5 24.Bb1 Rh5 25.h3 O-O 26.Ba2 Rd8 27.Rd3 Rf5 28.g3 h5 29.Ree3 Qe7
30.f4 Qf6 31.Rf3 Qg7 32.g4 hxg4 33.hxg4 Rf6 34.Qe5 Ba8 35.Qc7 Re8 36.Rde3 Rf8
37.g5 Rf5 38.Qd6 Re8 39.Rh3 Qf8 40.Rh4 Rd8 41.Qc7 Re8 42.Qd7 Rd8 43.Reh3  1-0

[Event "37th Trade Fair Open A"]
[Site "Brno CZE"]
[Date "2012.08.28"]
[Round "4"]
[White "Vechet,S"]
[Black "Mikulu,L"]
[Result "1/2-1/2"]
[WhiteElo "2207"]
[BlackElo "1976"]

1.d4 d5 2.Nf3 Nf6 3.c4 c6 4.Nc3 e6 5.e3 Nbd7 6.Qc2 Bd6 7.Be2 O-O 8.O-O b6
9.cxd5 exd5 10.a3 c5 11.Rd1 Bb7 12.b3 Rc8 13.Bb2 Ne4 14.dxc5 Ndxc5 15.b4 Ne6
16.Qb3 d4 17.Nxe4 Bxe4 18.Rac1 Rxc1 19.Rxc1 Bxf3 20.Bxf3 dxe3 21.fxe3 Qh4
22.h3 Ng5 23.Qd5 Bg3 24.Qd4 Nxf3+ 25.gxf3 Qg5 26.Kf1 Rd8 27.Qg4 h6 28.Qxg5 hxg5
29.Ke2 f6 30.Bd4 Bd6 31.Kd3 Kf7 32.Rh1 Rh8 33.Kc4 f5 34.Kd5 Bb8 35.Rg1 Kg6
36.f4 Rh5 37.Ke6 b5 38.Rxg5+ Rxg5 39.fxg5 f4 40.exf4 Bxf4 41.Bxa7 Kxg5 42.Bd4 Bc1
43.a4 bxa4 44.b5 Bf4  1/2-1/2

[Event "37th Trade Fair Open A"]
[Site "Brno CZE"]
[Date "2012.08.28"]
[Round "4"]
[White "Kopecek,Ivan"]
[Black "Uhmann Ml,J"]
[Result "1-0"]
[WhiteElo "1974"]
[BlackElo "2039"]

1.d4 d5 2.c4 e6 3.Nc3 Nf6 4.Nf3 c6 5.e3 Bd6 6.Bd3 Nbd7 7.O-O O-O 8.e4 dxe4
9.Nxe4 Nxe4 10.Bxe4 e5 11.dxe5 Nxe5 12.Nxe5 Bxe5 13.Qh5 f5 14.Bc2 Be6 15.Re1 Qc7
16.Bf4 Bxf4 17.Rxe6 Be5 18.Re1 g6 19.Qh4 Bg7 20.Re7 Qa5 21.c5 Rad8 22.Rxg7+ Kxg7
23.Re7+ Rf7 24.Rxf7+ Kxf7 25.Qxh7+ Kf6 26.Qh4+ g5 27.Qh6+ Ke5 28.Qg7+ Kf4
29.b4 Rd1+ 30.Bxd1 Qxb4 31.Qc7+ Ke4 32.Qe7+ Kd4 33.Qe3+ Kc4 34.Qb3+ Kxc5
35.Qxb4+ Kxb4 36.g4 fxg4 37.Bxg4 Kc5 38.f4 gxf4 39.h4 Kd6 40.h5 Ke5 41.Bf3 Kf5
42.Kf2 Ke5 43.Ke2 Kf5 44.Kd3 Kg5 45.Kd4 Kf5 46.Kc5 Kf6 47.Kd6 Kf5 48.Kc7 c5
49.Be2  1-0

[Event "40th Olympiad Open"]
[Site "Istanbul TUR"]
[Date "2012.08.28"]
[Round "1.21"]
[White "Svetushkin,D"]
[Black "Qureshi,M"]
[Result "1-0"]
[WhiteElo "2569"]
[BlackElo "2190"]

1.d4 d5 2.c4 c6 3.Nc3 Nf6 4.e3 e6 5.Nf3 Nbd7 6.Qc2 Bd6 7.b3 Qe7 8.Be2 O-O
9.O-O dxc4 10.bxc4 e5 11.Nd2 Re8 12.Bf3 exd4 13.exd4 Nf8 14.Bb2 Bg4 15.h3 Bxf3
16.Nxf3 Ng6 17.Rae1 Qd7 18.Qb3 Nf4 19.Ne5 Qc7 20.Ne4 Nxe4 21.Rxe4 Ne6 22.Rfe1 c5
23.d5 Nd4 24.Bxd4 cxd4 25.Nd3 Rxe4 26.Rxe4 b6 27.Qa4 g6 28.Kf1 Rc8 29.Rxd4 Qe7
30.Qd1 Re8 31.Ne1 Bc5 32.Rd2 Qh4 33.Qg4 Qf6 34.Re2 Rxe2 35.Qxe2 Qa1 36.Qd2 Qf6
37.g3 a5 38.Kg2 Bb4 39.Qe2 Bxe1 40.Qxe1 Qd4 41.Qe2 Kf8 42.Qg4 Qd3 43.Qf4 a4
44.d6 Qf5 45.Qxf5 gxf5 46.Kf3 Ke8 47.Kf4 Kd7 48.Ke5  1-0

[Event "40th Olympiad Open"]
[Site "Istanbul TUR"]
[Date "2012.08.28"]
[Round "1.15"]
[White "Stocek,J"]
[Black "Boudriga,M"]
[Result "1-0"]
[WhiteElo "2569"]
[BlackElo "2191"]

1.d4 d5 2.Nf3 Nf6 3.c4 e6 4.Nc3 c6 5.e3 Nbd7 6.Bd3 dxc4 7.Bxc4 b5 8.Bd3 Bb7
9.O-O a6 10.a4 b4 11.Nb1 c5 12.Nbd2 cxd4 13.exd4 Be7 14.Nc4 O-O 15.Re1 a5
16.Be3 Nd5 17.Rc1 N7b6 18.Nce5 Rc8 19.Rxc8 Qxc8 20.Bd2 f6 21.Qb1 fxe5 22.Bxh7+ Kh8
23.Nxe5 Rf6 24.Qd3 Qe8 25.Qh3 Rh6 26.Bxh6 Kxh7 27.Bg5+ Kg8 28.Qxe6+ Kh7 29.Bxe7 Qxe7
30.Qg6+ Kg8 31.Nf3 Qxe1+ 32.Nxe1 Nxa4 33.Qe8+  1-0

[Event "40th Olympiad Open"]
[Site "Istanbul TUR"]
[Date "2012.08.28"]
[Round "1.64"]
[White "Manuel,Me"]
[Black "Al Sulaiti,G"]
[Result "0-1"]
[WhiteElo "1922"]
[BlackElo "2178"]

1.d4 d5 2.c4 c6 3.e3 Nf6 4.Nc3 e6 5.Nf3 Nbd7 6.Bd3 dxc4 7.Bxc4 b5 8.Bd3 a6
9.Bd2 Bb7 10.O-O c5 11.Rc1 Bd6 12.Re1 O-O 13.e4 cxd4 14.Nxd4 Nc5 15.Bb1 Bxh2+
16.Kxh2 Qxd4 17.Qe2 Ncxe4 18.Nxe4 Bxe4 19.Bxe4 Nxe4 20.Be3 Qe5+ 21.Kg1 Nf6
22.Rc5 Nd5 23.Rec1 h6 24.Qd2 Rfd8 25.g3 Qe4 26.Qc2 Qxc2 27.R1xc2 Nxe3 28.fxe3 Rd1+
29.Kf2 Rad8 30.Ke2 g5 31.Rc7 Kg7 32.Ra7 g4 33.e4 R1d4 34.Ke3 Rd3+ 35.Kf4 h5
36.Rcc7 Kg6 37.Ke5 Rf8 38.Rxa6 Rxg3 39.Rb6 Rf3 40.Rxb5 Ra8 41.a3 h4 42.Rbc5 h3
43.Rc2 g3 44.Rc1 g2 45.Rg1 Rf1 46.Rc1 Rxc1  0-1

[Event "40th Olympiad Open"]
[Site "Istanbul TUR"]
[Date "2012.08.28"]
[Round "1.44"]
[White "Kobler,M"]
[Black "Vasquez Schroeder,R"]
[Result "0-1"]
[WhiteElo "2099"]
[BlackElo "2533"]

1.c4 c6 2.Nc3 d5 3.e3 Nf6 4.Nf3 e6 5.d4 Nbd7 6.Bd3 dxc4 7.Bxc4 b5 8.Be2 Bb7
9.O-O a6 10.b3 c5 11.Bb2 Rc8 12.Rc1 Qb6 13.Nb1 Be7 14.Nbd2 O-O 15.Ne5 Nxe5
16.dxe5 Nd5 17.Bd3 Rfd8 18.Bb1 Qa5 19.Qe1 Nb4 20.Bc3 Qa3 21.Bxb4 cxb4 22.Nf3 g6
23.Rxc8 Rxc8 24.Qd2 Qa5 25.Qd4 Qc7 26.h4 Qd8 27.Qf4 Qd5 28.h5 Kg7 29.Kh2 Rf8
30.Rh1 g5 31.h6+ Kh8 32.Qg4 f5 33.exf6 Rxf6 34.Nxg5 Rxh6+ 35.Nh3 Rh4 36.Qf3 Bd6+
37.Kg1 Qxf3 38.gxf3 Bxf3  0-1

[Event "40th Olympiad Women"]
[Site "Istanbul TUR"]
[Date "2012.08.28"]
[Round "1.38"]
[White "Sahl,S"]
[Black "Okuyaz,Duru"]
[Result "1-0"]
[WhiteElo "2235"]
[BlackElo "1547"]

1.d4 d5 2.c4 c6 3.Nc3 Nf6 4.e3 e6 5.Nf3 Nbd7 6.Qc2 Bd6 7.Bd3 dxc4 8.Bxc4 b5
9.Be2 Bb7 10.O-O O-O 11.Rd1 Qc7 12.e4 e5 13.Bg5 exd4 14.Rxd4 Ng4 15.Nxb5 Bxh2+
16.Kf1 Qb6 17.Nxh2 cxb5 18.Qd2 Nxh2+ 19.Kg1 Nc5 20.Rd6 Qc7 21.Rc1 Rac8 22.b4 f6
23.Bf4 Qe7 24.bxc5 Qxe4 25.f3 Qg6 26.Bxh2 Bc6 27.Rxc6 Rxc6 28.Qd5+  1-0

[Event "40th Olympiad Women"]
[Site "Istanbul TUR"]
[Date "2012.08.28"]
[Round "1.13"]
[White "Ordaz Valdes,L"]
[Black "Tuominen,T"]
[Result "1-0"]
[WhiteElo "2344"]
[BlackElo "2101"]

1.d4 d5 2.c4 c6 3.Nc3 Nf6 4.e3 e6 5.Nf3 Nbd7 6.Qc2 Bd6 7.Be2 O-O 8.O-O dxc4
9.Bxc4 b5 10.Bd3 Bb7 11.Rd1 Qc7 12.a3 a6 13.b4 Rac8 14.Bd2 e5 15.Ne4 exd4
16.Nxd6 Qxd6 17.exd4 h6 18.Nh4 Ng4 19.Nf3 Rcd8 20.Bf5 Ngf6 21.Re1 Nb6 22.Ne5 Na4
23.Rad1 Qd5 24.Nf3 Rfe8 25.Bf4 Bc8 26.Bxc8 Rxc8 27.Re5 Qd7 28.Rde1 Nd5 29.Bd2 Nab6
30.Rxe8+ Rxe8 31.Ne5 Qe7 32.Kf1 Rc8 33.Qf5 Qf6 34.Qe4 Rd8 35.Rc1 Rd6 36.Nxc6 Re6
37.Ne5 Nc4 38.Rxc4 bxc4 39.Qxd5 Qf5 40.Qxc4 f6 41.Nf3 Qe4 42.Ne1 Kf7 43.f3 Qh4
44.Nd3  1-0

[Event "World Youth U16 Olympiad 2012"]
[Site "Istanbul TUR"]
[Date "2012.08.29"]
[Round "1.9"]
[White "Narayanan,SL"]
[Black "Guven,B"]
[Result "1/2-1/2"]
[WhiteElo "2328"]
[BlackElo "2015"]

1.d4 d5 2.c4 c6 3.Nf3 Nf6 4.Nc3 e6 5.e3 Nbd7 6.Bd3 Bd6 7.O-O O-O 8.e4 dxc4
9.Bxc4 e5 10.Bg5 Qe7 11.Qd2 h6 12.Bh4 exd4 13.Nxd4 Ne5 14.Bb3 Ng6 15.Bxf6 Qxf6
16.Nde2 Ne5 17.Rad1 Rd8 18.Qf4 Qe7 19.Qg3 Ng4 20.f4 Bc5+ 21.Kh1 Rxd1 22.Bxd1 Ne3
23.Re1 Be6 24.Bb3 Bxb3 25.axb3 Rd8 26.e5 Bb6 27.Ne4 Nf5 28.Qg4 Qe6 29.N2g3 Ne3
30.Qxe6 fxe6 31.Nd6 Rd7 32.f5 exf5 33.Ngxf5 Nxf5 34.Nxf5 Bf2 35.e6 Rd8 36.Rf1 Bc5
37.g4 Re8 38.Re1 Kh7 39.Kg2 g6 40.Ng3 Kg7 41.h4 Bd6 42.g5 hxg5 43.hxg5 Bf4
44.Rf1 Bxg3 45.Rf7+ Kg8 46.Kxg3 Rxe6 47.Rxb7 a5 48.Kf4 Re2 49.Rb6 Rxb2 50.Rxc6 Kf7
51.Ke5 Rxb3 52.Rc7+ Kg8 53.Rc8+ Kg7 54.Rc7+ Kg8 55.Rc8+  1/2-1/2

[Event "40th Olympiad Open"]
[Site "Istanbul TUR"]
[Date "2012.08.29"]
[Round "2.21"]
[White "Macias Murillo,B"]
[Black "Michalik,P"]
[Result "0-1"]
[WhiteElo "2365"]
[BlackElo "2508"]

1.d4 d5 2.c4 c6 3.Nc3 Nf6 4.e3 e6 5.Nf3 Nbd7 6.Qc2 Bd6 7.Bd3 O-O 8.O-O dxc4
9.Bxc4 a6 10.Rd1 c5 11.dxc5 Bxc5 12.Ne4 Nxe4 13.Qxe4 Nf6 14.Qc2 Qe7 15.Bd3 h6
16.b3 e5 17.Be4 Nxe4 18.Qxe4 f6 19.Bb2 Be6 20.h3 Rfd8 21.Rac1 b6 22.Bc3 a5
23.Ne1 Ba3 24.Rb1 Rac8 25.Ba1 Qf7 26.Qf3 Bd5 27.e4 Bb7 28.Qe2 Qg6 29.f3 Bc5+
30.Kh2 Qg5 31.Nc2 h5 32.Rxd8+ Rxd8 33.Bc3 Kh7 34.a3 f5 35.b4 axb4 36.axb4 Bd6
37.Bd2 Qg6 38.Re1 fxe4 39.fxe4 Be7 40.Be3 Bxe4 41.Bxb6 Bd3 42.Qe3 Rc8 43.Na1 Bxb4
44.Rg1 Be7 45.Kh1 Be4 46.Qe2 Rc3 47.Be3 Bc5  0-1

[Event "40th Olympiad Women"]
[Site "Istanbul TUR"]
[Date "2012.08.29"]
[Round "2.43"]
[White "Nur,Nab"]
[Black "Nakagawa,E"]
[Result "1-0"]
[WhiteElo "1910"]
[BlackElo "1798"]

1.d4 d5 2.c4 c6 3.Nc3 Nf6 4.Nf3 e6 5.e3 Nbd7 6.Qc2 Bd6 7.g4 a6 8.Rg1 dxc4
9.Bxc4 b5 10.Be2 Bb7 11.Bd2 Qc7 12.h4 Nb6 13.g5 Nfd5 14.Ne4 O-O-O 15.Nc5 Kb8
16.Ba5 Ka7 17.a4 Rc8 18.b4 Ra8 19.Kd2 Qc8 20.Rgb1 Nd7 21.axb5 cxb5 22.Bxb5 Nb8
23.Be2 Nc6 24.b5 Nxa5 25.Rxa5 Bc7 26.Raa1 a5 27.Kd1 Nb4 28.Rxb4  1-0

[Event "40th Olympiad Open"]
[Site "Istanbul TUR"]
[Date "2012.08.29"]
[Round "2.70"]
[White "Manuel,Me"]
[Black "Namir,M"]
[Result "0-1"]
[WhiteElo "1922"]
[BlackElo "2189"]

1.d4 d5 2.c4 e6 3.Nf3 c6 4.e3 Nf6 5.Nc3 Nbd7 6.Bd3 dxc4 7.Bxc4 b5 8.Bd3 Bb7
9.O-O a6 10.Bd2 c5 11.Rc1 Be7 12.Bb1 O-O 13.Qe2 Qb6 14.Rfd1 Rfd8 15.dxc5 Nxc5
16.b4 Nce4 17.Nxe4 Nxe4 18.Be1 Bf6 19.h3 g6 20.Rxd8+ Rxd8 21.Qc2 Kg7 22.Qc7 Qxc7
23.Rxc7 Rd1 24.Rxb7 Rxb1 25.Ra7 Ng5 26.Nxg5 Rxe1+ 27.Kh2 Bxg5 28.Rxa6 Be7
29.a3 Ra1 30.Ra5 h5 31.Kg3 e5 32.Kf3 f5 33.g4 hxg4+ 34.hxg4 Kf6 35.gxf5 gxf5
36.e4 f4 37.Ra6+ Kg5 38.Ra5 Bf6 39.Ra8 Bg7 40.Ra7 Kg6 41.Ra6+ Bf6 42.Ra8 Rb1
43.Ra5 Kg5 44.Ra8 Rb3+ 45.Kg2 Kh4 46.Kh2 f3 47.Ra6 Bg5  0-1

[Event "40th Olympiad Open"]
[Site "Istanbul TUR"]
[Date "2012.08.29"]
[Round "2.38"]
[White "Beliavsky,A"]
[Black "Cubas,Jo"]
[Result "1-0"]
[WhiteElo "2609"]
[BlackElo "2507"]

1.d4 d5 2.c4 c6 3.Nc3 Nf6 4.e3 e6 5.Nf3 a6 6.c5 b6 7.cxb6 Nbd7 8.Bd2 Nxb6
9.Bd3 c5 10.O-O Nbd7 11.Na4 c4 12.Be2 Bd6 13.b3 cxb3 14.axb3 Qe7 15.Qc2 O-O
16.Ba5 Bb7 17.b4 Bc6 18.Nc5 Bb5 19.Rfc1 e5 20.Qd1 Rfe8 21.Ra2 g6 22.h3 exd4
23.Bxb5 axb5 24.Nxd7 Nxd7 25.Qxd4 Nf6 26.Rac2 Kg7 27.Rc6 Qd7 28.Bc7 Re6 29.Bxd6 Rxd6
30.Rc7 Qf5 31.Ne5 Rf8 32.Rb7 Re6 33.f4 Kg8 34.Rxb5 h5 35.Rbc5 Rb6 36.Rc6 Rb5
37.Ra6 Nd7 38.Nxd7 Qxd7 39.Rb6 Re8 40.Rxb5 Qxb5 41.f5 gxf5 42.Rf1 Qd7 43.Rf3 Qe6
44.b5 Kh7 45.Rg3 Qe5 46.Qh4 f4 47.Rg5 Qxe3+ 48.Kh2  1-0

[Event "40th Olympiad Open"]
[Site "Istanbul TUR"]
[Date "2012.08.29"]
[Round "2.49"]
[White "Izijk,J"]
[Black "Nakapunda,O"]
[Result "0-1"]
[WhiteElo "2066"]
[BlackElo "2021"]

1.Nf3 d5 2.d4 Nf6 3.c4 c6 4.e3 e6 5.Nc3 Bd6 6.Bd3 O-O 7.O-O Nbd7 8.Qe2 dxc4
9.Bxc4 e5 10.h3 exd4 11.Nxd4 Ne5 12.Bb3 c5 13.Ndb5 Bb8 14.Rd1 Qe7 15.Nd5 Nxd5
16.Bxd5 a6 17.Nc3 Be6 18.e4 Ng6 19.Qf3 Qc7 20.Bg5 h6 21.Be3 Qh2+ 22.Kf1 Nh4
23.Qh5 Nxg2 24.Bxh6 Nf4 25.Bxf4 Bxh3+ 26.Ke1 Bxf4 27.Qg6 Bh6 28.Ke2 Qf4 29.Rd3 Bg4+
30.Kf1 Kh8 31.Qb6 Qh2 32.Rg3 Qh1+ 33.Rg1 Qh3+ 34.Ke1 Bf3 35.Qxc5 f5 36.e5 Rfe8
37.Bxf3 Qxf3 38.Rd1 Qf4 39.Rd5 Qc1+ 40.Nd1 Qxc5 41.Rxc5 Bf4 42.Rc7 Bxe5 43.Rh1+ Kg8
44.Rxb7 Bxb2+ 45.Kf1 Bf6 46.Ne3 Reb8 47.Rxb8+ Rxb8 48.Nxf5 Rb1+ 49.Kg2 Rb2
50.a3 Ra2 51.Rh3 Bb2 52.Rb3 Bxa3 53.Kg3 Bb2 54.f3 Bf6 55.f4 a5 56.Nd6 a4
57.Rb8+ Kh7 58.Kg4 Rg2+ 59.Kf5 Rb2 60.Ra8 Rb6 61.Rxa4 Rxd6 62.Ra3 Rd5+ 63.Kg4 Kg6
64.Rf3 Rd1 65.f5+ Kf7 66.Kf4 Rd4+ 67.Ke3 Ke7 68.Rf1 Kd6 69.Rb1 Ke5  0-1

[Event "World Youth U16 Olympiad 2012"]
[Site "Istanbul TUR"]
[Date "2012.08.30"]
[Round "2.19"]
[White "Nurlanov,Zhakshylyk"]
[Black "Yigit,A"]
[Result "1/2-1/2"]
[WhiteElo "1912"]
[BlackElo "1714"]

1.d4 d5 2.c4 c6 3.Nc3 Nf6 4.e3 e6 5.Nf3 Nbd7 6.Qc2 Bd6 7.b3 O-O 8.Be2 Re8
9.O-O Qc7 10.Bd3 a6 11.cxd5 cxd5 12.Ne2 Qxc2 13.Bxc2 Ne4 14.Bb2 e5 15.Rfd1 Nef6
16.dxe5 Nxe5 17.Nxe5 Bxe5 18.Bxe5 Rxe5 19.h3 Bd7 20.Rac1 Rc8 21.Bd3 Ree8
22.Kf1 Kf8 23.Nf4 Bc6 24.Ne2 g6 25.Nd4 Bd7 26.Ne2 Ng8 27.Nf4 Bc6 28.Be2 Nf6
29.h4 h5 30.Bd3 Ng4 31.Be2 Nf6 32.Bd3 Ng4 33.Ne2 Ne5 34.a4 Nxd3 35.Rxd3 Red8
36.Rdc3 Ke7 37.Nd4 Kd7 38.Ke2 f6 39.Kd3 g5 40.Rh1 Rh8 41.g3 b6 42.Rhc1 Bb7
43.Rxc8 Rxc8 44.Rxc8 Bxc8 45.hxg5 fxg5 46.Nf3 g4 47.Ne5+ Kd6 48.Kd4 Bf5 49.Nd3 Bxd3
50.Kxd3 Ke5 51.b4 a5 52.b5 Ke6 53.Kc3 Ke5 54.Kd3 Ke6 55.Kc3 Ke5 56.Kd3 Ke6
57.Kc3 Ke5 58.Kd3 Ke6 59.Kc3 Ke5  1/2-1/2